00924nam a22002057a 4500003000900000008004100009020001800050040007100068082001900139110003500158245005500193260003900248300002500287440007300312505012600385650004900511650005800560650004500618710005500663AR-CdUCM190307b ||||| |||| 00| 0 spa d a9972-47-040-7 aMUNICIPALIDAD PROVINCIAL DEL CUSCOcBIBLIOTECA MUNICIPAL DEL CUSCO a303.482 /bR79 aAsociación española UNIFEM aRol de la mujer en la innovación tecnológica / aLima:bGráfica educativa,c1999. a86 paginas ;c23 cm. aLibro de consulta sobre tecnologías aplicadas al ciclo alimentario aContenido : Industria de aceites y grasas -- Semillas oleaginosas -- estudios de casos -- Procesamiento de alimentos ...  aEstudios sobre el rol de la mujer en el Peru aInnovación tecnológica realizados por las mujeres ainnovación tecnológica en el Perú  aAgencia para la cooperación internacional (AECI)